• 首页
  • 本馆介绍
  • 公告通知
  • 最新文献
  • 馆藏检索
  • 电子资源
  • 读者导购
  • 参考咨询
  • 我的图书馆
  • 登录
  • 详细信息显示
  • 放入我的书架
  • 预约/预借图书
  • 作者相关作品
  • 分类相关作品
  • 丛书相关作品
  • 出版社相关作品

书目信息

  • 表格格式
  • 工作单格式
  • 卡片格式
题名:
孟德斯鸠与卢梭
    
 
作者: 迪尔凯姆 著 ;李鲁宁 , 赵立玮 , 付德根 译
分册:  
出版信息: 上海   上海人民出版社  2006
页数: 406页
开本: 23cm
丛书名: 涂尔干文集
单 册:
中图分类: B565.24 , B565.26
科图分类:
主题词: 哲学思想
电子资源:
ISBN: 7-208-06345-1
000 01361oam2 2200337 450
001 1162656516
005 20111003172542.20
010    @a7-208-06345-1@dCNY39.00
100    @a20070318d2006 em y0chiy50 ea
101 1  @achi@cfre
102    @aCN@b310000
105    @ay z 000yy
200 1  @a孟德斯鸠与卢梭@9meng de si jiu yu lu suo@f(法)爱弥尔·涂尔干(Emile Durkheim)著@g李鲁宁,赵立玮,付德根译
210    @a上海@c上海人民出版社@d2006
215    @a406页@c照片@d23cm
225 2  @a涂尔干文集@v5
330    @a本书围绕政治哲学这一主题,编排了三部分内容。第一部分为孟德斯鸠与卢梭;第二部分为社会主义与圣西门;第三部分编选了作者所发表的专论政治理论和政治问题的书评、笔记、论文和讨论等。
461  0 @12001 @a涂尔干文集
600  0 @a孟德斯鸠@c(Montesquieu, Charles De Secondat@f1689~1775)@x哲学思想@x研究
600  0 @a卢梭@c(Rousseau, Jean Jacques@f1712~1778)@x哲学思想@x研究
600  0 @a孟德斯鸠@c(Montesquieu, Charles De Secondat@f1689~1775)
600  0 @a卢梭@c(Rousseau, Jean Jacques@f1712~1778)
606 0  @a哲学思想
690    @aB565.24@v4
690    @aB565.26@v4
701  0 @c(法)@a迪尔凯姆@9di er kai mu@c(Durkheim, Emile@f1858~1917)@4著
702  0 @a李鲁宁@9li lu ning@f(1970~)@4译
702  0 @a赵立玮@9zhao li wei@4译
702  0 @a付德根@9fu de gen@4译
801  0 @aCN@b91MARC@c20101222
905    @a10447@dB565.24@eJY83
    
    孟德斯鸠与卢梭/(法)爱弥尔·涂尔干(Emile Durkheim)著/李鲁宁,赵立玮,付德根译.-上海:上海人民出版社,2006
    406页:照片;23cm.-(涂尔干文集;5)
    
    
    ISBN 7-208-06345-1:CNY39.00
    本书围绕政治哲学这一主题,编排了三部分内容。第一部分为孟德斯鸠与卢梭;第二部分为社会主义与圣西门;第三部分编选了作者所发表的专论政治理论和政治问题的书评、笔记、论文和讨论等。
●
相关链接 在E读中查询图书 在五车中查询图书 在当当中查询图书 在豆瓣中查询图书


正题名:孟德斯鸠与卢梭     索取号:B565.24/JY83         预约/预借

序号 登录号 条形码 馆藏地/架位号 状态 备注
1 7824942   278249423   学院路分馆/ [索取号:B565.24/JY83] 在馆    
2 7824943   278249432   学院路分馆/ [索取号:B565.24/JY83] 在馆    
欢迎您!
大连网信软件有限公司© 版权所有